[Event "Morava-ch"]
[Site "Orlova"]
[Date "2023.10.27"]
[Round "7"]
[White "Jurok, Vojtech"]
[Black "Vojtek, Pavel"]
[Result "1/2-1/2"]
[WhiteElo "1731"]
[BlackElo "1792"]
[PlyCount "52"]
[EventDate "2023.10.24"]
[EventType "swiss"]
[EventRounds "9"]
[EventCountry "CZE"]
[SourceTitle "Mega2024 Update 01"]
[Source "Chessbase"]
[SourceDate "2023.11.12"]
[SourceVersion "1"]
[SourceVersionDate "2023.11.12"]
[SourceQuality "1"]

1. d4 d5 2. Bg5 h6 3. Bh4 Nc6 4. e3 Bf5 5. c4 g5 6. Bg3 e6 7. a3 Bg7 8. cxd5 exd5 9. Bd3 Nge7 10. h4 Bxd3 11. Qxd3 Ng6 12. hxg5 hxg5 13. Rxh8+ Bxh8 14. Nc3 Qd7 15. Qb5 0-0-0 16. Na4 a6 17. Qd3 Nxd4 18. Rc1 Nc6 19. Nc5 Nce5 20. Qc2 Qc6 21. Kf1 Ne7 22. Bxe5 Bxe5 23. Nf3 f6 24. Nxe5 fxe5 25. Qh7 Qf6 26. Qh3+ Qf5 1/2-1/2

[Event "Morava-ch"]
[Site "Orlova"]
[Date "2023.10.27"]
[Round "6"]
[White "Sipek, Michal"]
[Black "Jurok, Vojtech"]
[Result "1/2-1/2"]
[WhiteElo "1912"]
[BlackElo "1731"]
[PlyCount "35"]
[EventDate "2023.10.24"]
[EventType "swiss"]
[EventRounds "9"]
[EventCountry "CZE"]
[SourceTitle "Mega2024 Update 01"]
[Source "Chessbase"]
[SourceDate "2023.11.12"]
[SourceVersion "1"]
[SourceVersionDate "2023.11.12"]
[SourceQuality "1"]

1. c4 f5 2. Nf3 Nf6 3. g3 g6 4. Bg2 Bg7 5. Nc3 0-0 6. d3 d6 7. Bg5 h6 8. Bd2 e5 9. Qc1 Kh7 10. h4 Ng4 11. h5 g5 12. Nh2 Nc6 13. Nd5 f4 14. Be4+ Kh8 15. Nxg4 Bxg4 16. f3 Bf5 17. Bxf5 Rxf5 18. g4 1/2-1/2

[Event "Bohumin op 5th"]
[Site "Bohumin"]
[Date "2022.07.02"]
[Round "1"]
[White "Tymrakiewicz, Rafal"]
[Black "Jurok, Vojtech"]
[Result "1-0"]
[WhiteElo "2205"]
[BlackElo "1490"]
[PlyCount "43"]
[EventDate "2022.07.02"]
[EventType "swiss"]
[EventRounds "9"]
[EventCountry "CZE"]
[SourceTitle "CBM 209 Extra"]
[Source "ChessBase"]
[SourceDate "2022.09.30"]
[SourceVersion "1"]
[SourceVersionDate "2022.09.30"]
[SourceQuality "1"]

1. d4 Nf6 2. Bg5 e6 3. Nd2 c5 4. e3 d5 5. c3 Nc6 6. Ngf3 h6 7. Bh4 Bd6 8. Bg3 cxd4 9. exd4 0-0 10. Bd3 Re8 11. Ne5 Bc7 12. f4 Nh7 13. 0-0 Rf8 14. Ndf3 Bd7 15. Qe2 Be8 16. Rae1 Ne7 17. Ng4 h5 18. Nf2 Bd7 19. Nh3 Nf5 20. Bf2 f6 21. Nh4 Re8 22. Qxh5 1-0

[Event "Ustron op-C"]
[Site "Ustron"]
[Date "2021.08.14"]
[Round "1"]
[White "Kozak, Karol"]
[Black "Jurok, Vojtech"]
[Result "1-0"]
[WhiteElo "1223"]
[BlackElo "1588"]
[PlyCount "45"]
[EventDate "2021.08.13"]
[EventType "swiss"]
[EventRounds "9"]
[EventCountry "POL"]
[SourceTitle "EXT 2022"]
[Source "ChessBase"]
[SourceDate "2021.10.06"]
[SourceVersion "1"]
[SourceVersionDate "2021.10.06"]
[SourceQuality "1"]

1. e4 e6 2. d4 d5 3. Nc3 dxe4 4. Nxe4 Nf6 5. Nxf6+ gxf6 6. Nf3 Nc6 7. Bd3 b6 8. Bf4 Bb7 9. Qd2 Qd7 10. 0-0-0 Nb4 11. Bc4 Nd5 12. Bg3 0-0-0 13. Bh4 h5 14. Kb1 Bh6 15. Qe1 Rhg8 16. Bxf6 Nxf6 17. Ne5 Qe7 18. Nxf7 e5 19. Nxh6 Rxg2 20. Qxe5 Qg7 21. Nf5 Qg5 22. h4 Rxd4 23. hxg5 1-0